000 00564nam a2200181 a 4500
001 000011118
005 20240412074223.0
008 091014s1951 dr 000 p spa d
040 _aDO-SdBNP
_bspa
_cBNPHU
082 _aRD861.44
_bS162f
100 1 _aSaldaña Suazo, José A.
_926628
245 1 0 _aFlores lozanas y la virtud del poeta /
_cJosé A. Saldaña Suazo.
260 _aCiudad Trujillo, República Dominicana :
_b[s.n],
_c1951.
300 _a39 p. ;
_c23 cm.
650 0 _aPoesía dominicana
_966
650 0 _aLiteratura dominicana.
_967
049 _aBNPD
999 _c10843
_d10843